Materials of high vacuum technology. Vol. 3. Auxiliary materials /

Gespeichert in:
Bibliographische Detailangaben
1. Verfasser: Espe, Werner
Format: Buch
Sprache:Englisch
Veröffentlicht: Oxford : Pergamon Press, 1968
Ausgabe:1st ed.
Schlagworte:
Online-Zugang: Volltext
Tags: Tag hinzufügen
Keine Tags, Fügen Sie den ersten Tag hinzu!

MARC

LEADER 00000nam a2200000 4500
003 SK-BrCVT
005 20220617170644.0
008 931103s1968 xxk e ||||||eng d
035 |a CVTIDW0915082 
040 |b slo  |a CVTI SR 
041 0 |a eng 
044 |a xxk 
080 |a 533.5  |2 UDC-MRF 
080 |a 535.37.002.3  |2 UDC-MRF 
100 1 |a Espe, Werner, 
242 1 0 |a Materiály vysokovákuovej technológie. Zv. 3. Pomocné materiály 
245 1 0 |a Materials of high vacuum technology. Vol. 3. Auxiliary materials /  |c Werner Espe ; Transl. of the German 
250 |a 1st ed. 
260 |a Oxford :  |b Pergamon Press,  |c 1968 
300 |a XIX, 530 s. :  |b fotogr., grafy, lit., obr., tab. ; 
653 1 |a luminiscenčný materiál  |a fosfor  |a tmel  |a elastomér  |a cement  |a živica  |a vosk  |a inertný plyn 
655 4 |a odborné publikácie 
910 |b A540064  |b A540065  |b A540066 
974 |f Knihy 
992 |a AMG 
999 |c 74344  |d 74344